MARC details
| 000 -LEADER |
| fixed length control field |
009310000a22002650004500 |
| 003 - CONTROL NUMBER IDENTIFIER |
| control field |
LK-CoMWRAF |
| 005 - DATE AND TIME OF LATEST TRANSACTION |
| control field |
20231030123215.0 |
| 008 - FIXED-LENGTH DATA ELEMENTS--GENERAL INFORMATION |
| fixed length control field |
230817t2008 ||||| |||| 00| 0 eng d |
| 020 ## - INTERNATIONAL STANDARD BOOK NUMBER |
| International Standard Book Number |
9789559021605 |
| 040 ## - CATALOGING SOURCE |
| Original cataloging agency |
LK-CoMWRAF |
| Modifying agency |
LK-CoMWRAF |
| Description conventions |
LK-CoMWRAF |
| 041 ## - LANGUAGE CODE |
| Language code of text/sound track or separate title |
English |
| 082 ## - DEWEY DECIMAL CLASSIFICATION NUMBER |
| Classification number |
338.9 |
| Item number |
DEV |
| 942 ## - ADDED ENTRY ELEMENTS (KOHA) |
| Koha item type |
Books |
| 700 ## - ADDED ENTRY--PERSONAL NAME |
| Personal name |
Senanayake,, S.M.P. |
| Relator Term |
editor |
| 700 ## - ADDED ENTRY--PERSONAL NAME |
| Personal name |
Wimalaratana, W. |
| Relator Term |
editor |
| 700 ## - ADDED ENTRY--PERSONAL NAME |
| Personal name |
De Silva, Amala |
| Relator Term |
editor |
| 245 ## - TITLE STATEMENT |
| Title |
Development perspectives, growth and equity in Sri Lanka : |
| Remainder of title |
a festschrift in honour of W.D. Lakshman |
| 260 ## - PUBLICATION, DISTRIBUTION, ETC. (IMPRINT) |
| Place of publication, distribution, etc. |
Colombo: |
| Name of publisher, distributor, etc. |
Department of Economics, University of Colombo, |
| Date of publication, distribution, etc. |
2008 |
| 300 ## - PHYSICAL DESCRIPTION |
| Extent |
xvii, 393 p. : ill. ; 25 cm. |
| Other physical details |
Index included |
| 650 ## - SUBJECT ADDED ENTRY--TOPICAL TERM |
| Topical term or geographic name as entry element |
ECONOMIC INDICATORS-Sri Lanka |
| 650 ## - SUBJECT ADDED ENTRY--TOPICAL TERM |
| Topical term or geographic name as entry element |
Economic forecasting |
| 650 ## - SUBJECT ADDED ENTRY--TOPICAL TERM |
| Topical term or geographic name as entry element |
Economic conditions -- 20th century- Sri Lanka |
| 650 ## - SUBJECT ADDED ENTRY--TOPICAL TERM |
| Topical term or geographic name as entry element |
Economic conditions -21st century- Sri Lanka |
| 650 ## - SUBJECT ADDED ENTRY--TOPICAL TERM |
| Topical term or geographic name as entry element |
Economic policy-Sri Lanka |